00366pab a2200133 454500008004000000100001600040245007300056260000900129300001300138362001100151650002200162650001400184773003400198180718b2015 xxu||||| |||| 00| 0 eng d aKohli, Renu aInflation targeting as policy option for India: Evaluating the risks c2015 ap.10-14. a17 Jan aInflation - India aInflation aEconomic and Political Weekly